Marx revisitado : posiciones encontradas /

Na minha lista:
Detalhes bibliográficos
Autor principal: Concheiro Bórquez, Elvira (coordinación)
Outros Autores: Gandarilla Salgado, José Guadalupe (coordinación) (coordinación)
Formato: Livro
Idioma:espanhol
Publicado em: México : UNAM, 2016, c2016
Colecção:(El Mundo Actual. Construcción Social Alternativa)
Assuntos:
Tags: Adicionar Tag
Sem tags, seja o primeiro a adicionar uma tag!

MARC

LEADER 00000nam^a2200000^a^4500
001 000399329
005 20250521000000.0
009 20260310121550.403
020 |a 978-607-02-7568-5 
037 |a Acervo ITESO - Biblioteca 
041 |a ESP 
082 |a 146. 32  |b MAR EST CON 
100 |a Concheiro Bórquez, Elvira  |e (coordinación) 
245 1 0 |a Marx revisitado :  |b posiciones encontradas /  |c Coord. de E. Concheiro Bojórquez, J.G. Gandarilla Salgado. 
264 4 |a México :  |b UNAM,  |c 2016, c2016 
300 |a 511 p. 
336 |a texto  |b txt  |2 rdacontenido 
337 |a sin mediación  |b n  |2 rdamedio 
338 |a volumen  |b nc  |2 rdasoporte 
440 4 |a (El Mundo Actual.  |p Construcción Social Alternativa) 
521 |a FIL 2017 EEnlace Departamento de Formación Humana 
545 0 |a Karl Marx (1818-1883), filósofo, economista y politólogo alemán nacido en Tréveris, de ascendencia judía pero practicante del protestantismo liberal. Sus principales construcciones teóricas fueron los fundamentos del materialismo dialéctico e histórico y su crítica económica y política. Su sistema de pensamiento lo desarrolló en un ambiente en que la filosofía hegeliana ejercía gran influencia en los jóvenes filósofos del cual él no fue la excepción, aunque después se distanció; y en un contexto de gran desarrollo del capitalismo, del que advirtió una explotación de la clase obrera. En su interés por explicar esta situación alienante desarrolló su método que se inspiró en la dialéctica hegeliana, pero con la peculiaridad de situarse solo en los hechos concretos del devenir de la historia, sin la presencia de la divinidad. Sostuvo gran amistad con Friedrich Engels (1820-1895), intelectual alemán con quien elaboró algunas de sus obras como La sagrada familia y El Manifiesto del Partido Comunista. Entre sus principales obras se encuentran Manuscritos económico-filosóficos de 1844, Miseria de la filosofía, Elementos fundamentales para la crítica de la economía política, El capital, entre otras. 
649 |a XX 
650 |a Filósofos Alemanes 
650 |a Conciencia de Clase 
650 |a Globalización 
650 |a Capitalismo -  |x Historia y Crítica 
650 |a Materialismo Histórico -  |x Historia y Crítica 
650 |a Marxismo -  |x Historia y Crítica -  |x Tema Principal 
650 |a Filosofía del Siglo XIX -  |z Alemania -  |x Historia y Crítica 
650 |a Política -  |x Teoría 
650 |a Marx, Karl -  |x Tema Principal 
700 |a Gandarilla Salgado, José Guadalupe  |e (coordinación) 
910 |a Fondo General 
920 |a Impresos - Libros 
930 |a Colección General 
905 |a 101 
901 |a 0500294705  |b IT1  |c ACC  |i c158031  |u 20250521 
902 |a https://opac.biblio.iteso.mx/vufind/Record/000399329